走向民主政治

সংরক্ষণ করুন:
গ্রন্থ-পঞ্জীর বিবরন
প্রধান লেখক: Yan Jia Qi (严家其)
বিন্যাস: গ্রন্থ
প্রকাশিত: Global Publishing Co 1990
ট্যাগগুলো: ট্যাগ যুক্ত করুন
কোনো ট্যাগ নেই, প্রথমজন হিসাবে ট্যাগ করুন!
Thư viện lưu trữ: Mạng thư viện Đại học Đà Nẵng
LEADER 00539nam a2200229 a 4500
001 000029163
003 24349
005 20171030145630.0
008 171030s1990
040 |a LTT 
082 0 |a 320.1  |b YA-Q 
100 1 |a Yan Jia Qi (严家其) 
245 0 0 |a 走向民主政治  |c 严家其. 
260 |b Global Publishing Co  |c 1990 
500 |a VSVN 
OWN |a LTT 
999 |a From the UDN01 
TYP |a Monograph 
TYP |a Printed language 
980 |a Mạng thư viện Đại học Đà Nẵng